| 000 | 00457nam a2200097Ia 4500 | ||
|---|---|---|---|
| 008 | 180130s9999 xx 000 0 und d | ||
| 245 |
_cLu, Yun; Zhao, Ming; Wang, Lixi; Rishe, Naphtali _av-TerraFly: large scale distributed spatial data visualization with autonomic resource management |
||
| 260 | _c2016 | ||
| 300 | _aBook title: Big data analytics : (database management systems)--Acession number C20736; pages 116-134 | ||
| 650 | _aDATABASE MANAGEMENT SYSTEMS | ||
| 999 |
_c354389 _d354389 |
||